000 01184cam a22001934a 4500
005 20250605164236.0
008 250528s ||||||||||||||||||||||||d
035 _a21147
020 _a9789601903019
040 _aGR-AtMCL
_bgre
_dGR-AtMCL
_eAACR2
245 1 _aΑνθρωπολογικές Θεωρήσεις της Συγγένειας κατά τον 20ο Αιώνα
260 _bΕλληνικά Γράμματα,
_c2008
300 _a256
520 _aΤο βιβλίο αυτό επιχειρεί μια περιήγηση στην ιστορία της ανθρωπολογικής θεωρίας της συγγένειας. Πρόλογος, Ανθρωπολογία και Συγγένεια, Η Συγγένεια ως Κοινωνική Δομή, Συγγένεια και Γαμήλιες Στρατηγικές και Συστήματα Μεταβιβάσεων, Ανθρωπολογικές Θεωρήσεις της Συγγένειας κατά τον 20ο Αιώνα, Βιβλιογραφία, Ευρετήριο Ονομάτων και ΌΌρων.
700 1 _aΤουντασάκη Ειρήνη
_97177
942 _cBK
999 _c6215
_d6215